História de um cão chamado Leal (Registo nº 1597)
[ vista simples ]
| 000 -Etiqueta do registo | |
|---|---|
| Cabeçalho | 00861nam a2200277 4500 |
| 005 - Identificador da versão | |
| Campo de controlo | 20240813121840.0 |
| 010 ## - Número internacional normalizado dos livros (ISBN) | |
| Número (ISBN) | 9789720048189 |
| 021 ## - Número do Depósito Legal | |
| Código do país | PT |
| Número | 406914/16 |
| 003 - Persistent Record Identifier | |
| control field | http://id.bnportugal.gov.pt/bib/porbase/2752566 |
| 100 ## - Dados gerais de processamento | |
| Dados gerais de processamento | 20200302d2016 m y0pory50030103ba |
| 102 ## - Pais de publicação ou produção | |
| País de publicação | Portugal |
| 101 1# - Língua de publicação | |
| Língua do texto, banda sonora, etc. | Português |
| Língua do documento no original | Espanhol |
| 215 ## - Descrição física | |
| Indicação específica da natureza do documento e extensão da espécie | 97, [14] p. |
| Outras indicações físicas | il. color |
| 200 1# - Titulo e menção de responsabilidade | |
| Título próprio | História de um cão chamado Leal |
| Primeira menção de responsabilidade | Luis Sepúlveda |
| Outras menções de responsabilidade | il. Paulo Galindro |
| -- | trad. Helena Pitta |
| 205 ## - Menção da edição | |
| Menção da edição | 1ª ed |
| 210 ## - Publicação, Distribuição, etc. | |
| Lugar da edição, distribuição, etc. | Porto |
| Nome do editor, distribuidor, etc. | Porto ed. |
| Data da publicação, distribuição, etc. | 2016 |
| 606 ## - Nome comum usado como assunto | |
| Número de registo de entrada de autoridade | 0002250 |
| Palavra de ordem | Literatura chilena |
| Subdivisão de assunto | Conto |
| Código do sistema | CA |
| 675 ## - Classificação Decimal Universal (CDU) | |
| Notação | 821.134.2(83)-34 |
| Edição | 3ª ed. |
| 702 #1 - Nome de autor-pessoa física (responsabilidade secundária) | |
| Número de registo de entrada de autoridade | 0003187 |
| Palavra de ordem | Galindro |
| Outra parte do nome não tomada para palavra de ordem | Paulo |
| Datas | 1970- |
| Código de função | Ilustrador / Técnico de desenho computorizado |
| Número de registo de entrada de autoridade | 0002829 |
| Palavra de ordem | Pita |
| Outra parte do nome não tomada para palavra de ordem | Helena |
| Código de função | Tradutor |
| 700 #1 - Nome de autor-pessoa física (responsabilidade principal) | |
| Número de registo de entrada de autoridade | 0001795 |
| Palavra de ordem | Sepúlveda |
| Outra parte do nome não tomada para palavra de ordem | Luis |
| Datas | 1949- |
| 966 ## - Identificação da Biblioteca | |
| Sigla | EB2,3ENM |
| 942 ## - Elementos de entrada adicionados (Koha) | |
| Tipo de item no Koha | Livro |
| Situação do levantamento | Origin of item (home branch) (coded) | Biblioteca de empréstimo | Código de barras | Cota | Circulation type (not for loan) | Tipo de documento | Nota do exemplar | Damaged status |
|---|---|---|---|---|---|---|---|---|
| Biblioteca Escolar Eng. Nuno Mergulhão | Biblioteca Escolar Eng. Nuno Mergulhão | BENM3780 | 82LE-34 SEP | Livro | Sem mensagem |
